Xây dựng website hỗ trợ tổ chức hội thảo khoa học : Báo cáo tổng kết đề tài nghiên cứu Khoa học của sinh viên

Đề tài xây dựng hoàn chỉnh website có đầy đủ các chức năng của một hội thảo khoa học trong lĩnh vực khoa học tự nhiên và khoa học kỹ thuật.

Spremljeno u:
Bibliografski detalji
Glavni autor: Nguyễn, Thanh Rớt
Format: Knjiga
Jezik:Undetermined
Izdano: Cần Thơ Trường Đại học Cần Thơ 2013
Teme:
Oznake: Dodaj oznaku
Bez oznaka, Budi prvi tko označuje ovaj zapis!
Thư viện lưu trữ: Trung tâm Học liệu Trường Đại học Cần Thơ
LEADER 01087nam a2200229Ia 4500
001 CTU_204467
008 210402s9999 xx 000 0 und d
082 |a 006.7 
082 |b R467 
088 |a TSV2013-31 
100 |a Nguyễn, Thanh Rớt 
245 0 |a Xây dựng website hỗ trợ tổ chức hội thảo khoa học : 
245 0 |b Báo cáo tổng kết đề tài nghiên cứu Khoa học của sinh viên 
245 0 |c Nguyễn Thanh Rớt (Chủ nhiệm đề tài) ; Nguyễn Thái Nghe (Cán bộ hướng dẫn) 
260 |a Cần Thơ 
260 |b Trường Đại học Cần Thơ 
260 |c 2013 
520 |a Đề tài xây dựng hoàn chỉnh website có đầy đủ các chức năng của một hội thảo khoa học trong lĩnh vực khoa học tự nhiên và khoa học kỹ thuật. 
650 |a Database design,Thiết kế cơ sở dữ liệu 
904 |i Hải 
915 |a CT 
980 |a Trung tâm Học liệu Trường Đại học Cần Thơ